|
|
|
|
| LEADER |
01018nab#a2200349#ar4500 |
| 001 |
000121721 |
| 003 |
SVKKK |
| 005 |
20180129104342.0 |
| 008 |
180129c1993 xo |||||||||||||||b|slo |
| FMT |
|
|
|
| 038 |
|
|
|a SVKKK
|
| 040 |
|
|
|a SVKKK
|b slo
|e AACR2
|
| 041 |
0 |
|
|a slo
|
| 044 |
|
|
|a xo
|c SK
|
| 080 |
|
|
|a 929 Korba, Emil
|2 2011
|
| 080 |
|
|
|a 271.2-051
|2 2011
|
| 080 |
|
|
|a 82-051
|2 2011
|
| 100 |
1 |
|
|a Baník, Štefan
|4 aut
|
| 245 |
1 |
0 |
|a Rozsievač Božieho slova
|b ThDr. Emil Korba - 40 rokov od kňazskej vysviacky
|c Štefan Baník
|
| 300 |
|
|
|b Obr.
|
| 600 |
1 |
4 |
|a Korba, Emil
|x novinár
|x básnik
|x literát
|x redaktor
|x gréckokatolícky kňaz
|d 1.5.1930-27.10.1978
|z Bardejov (Slovensko)
|x rodák
|z Prešov (Slovensko)
|x pôsobenie
|
| 650 |
0 |
4 |
|a politicky prenasledovaný
|
| 650 |
0 |
4 |
|a profily
|
| 651 |
|
4 |
|a Bardejov (Slovensko)
|
| 651 |
|
4 |
|a Prešov (Slovensko)
|
| 773 |
0 |
|
|t Slovo
|g Roč. 25, č. 12 (1993), s. 14
|
| 958 |
|
|
|a RK
|
| 974 |
|
|
|a Va
|
| 992 |
|
|
|a RBX
|
| BAS |
|
|
|
| 852 |
|
|
|a SVKKK
|b BIB
|
| 998 |
|
|
|a REG
|